Loading...
| Literature - American Literature | 0 | 8 | 0 | 1 | 80 | 96 | 137.38 | 0 | 1 |
| Literature - British Literature | 0 | 5 | 1 | 1 | 45 | 112 | 131.00 | 0 | 0 |
| History - American History | 0 | 5 | 1 | 0 | 45 | 112 | 123.60 | 0 | 0 |
| Literature - European Literature | 0 | 5 | 1 | 1 | 45 | 136 | 145.20 | 0 | 0 |
| Science - Chemistry | 0 | 4 | 0 | 0 | 40 | 94 | 101.75 | 0 | 2 |
| Literature - World Literature | 0 | 4 | 1 | 1 | 35 | 113 | 135.75 | 0 | 0 |
| Current Events | 0 | 2 | 0 | 1 | 20 | 126 | 128.50 | 0 | 0 |
| History - Other History | 0 | 2 | 0 | 1 | 20 | 135 | 135.50 | 0 | 0 |
| History - World History | 0 | 1 | 0 | 0 | 10 | 136 | 136.00 | 0 | 0 |
| History - European History | 0 | 1 | 0 | 1 | 10 | 131 | 131.00 | 0 | 0 |
| Mythology | 0 | 1 | 0 | 1 | 10 | 145 | 145.00 | 0 | 0 |
| Other Academic | 0 | 1 | 0 | 1 | 10 | 141 | 141.00 | 0 | 0 |
| Religion | 0 | 1 | 0 | 1 | 10 | 151 | 151.00 | 0 | 0 |
| Fine Arts - Painting & Sculpture | 0 | 1 | 0 | 0 | 10 | 133 | 133.00 | 0 | 0 |
| Social Science | 0 | 1 | 1 | 0 | 5 | 99 | 99.00 | 0 | 0 |
| Philosophy | 0 | 1 | 1 | 0 | 5 | 114 | 114.00 | 0 | 0 |
| Science - Biology | 0 | 0 | 1 | 0 | -5 | 0.00 | 0 | 0 | |
| Science - Other Science | 0 | 0 | 1 | 0 | -5 | 0.00 | 0 | 0 |